| 000 | 00571nab a2200181 4500 | ||
|---|---|---|---|
| 001 | 244442 | ||
| 003 | OSt | ||
| 005 | 20250106135752.0 | ||
| 007 | tu | ||
| 008 | 200917s2020||||||| | ||
| 040 |
_aDE-2950 _cDE-2950 |
||
| 245 | 0 | 0 |
_aWeihnachtslieder, Rausch und Friedensbotschaft _bBühnen-Show. Beim letzten MOZ-Talk in diesem Jahr gab es viel Musik und Gefühl/ _cInes Weber-Rath |
| 264 | _c2024 | ||
| 653 | _aFrankfurt (Oder) | ||
| 653 | _aMOZ-Talk | ||
| 773 | 0 |
_g35. Jahrgang (2024) Nr. 296 vom 19.12.2024, S. 15 und 16 mit Foto _tMärkische Oderzeitung |
|
| 942 |
_2z _cA |
||
| 999 |
_c373524 _d373524 |
||